| 000 | 00764nam a2200205 i 4500 | ||
|---|---|---|---|
| 001 | 104437 | ||
| 003 | ES-MaACL | ||
| 005 | 20230906183614.0 | ||
| 007 | t| | ||
| 008 | 051130s1925 sp |||| | spa d | ||
| 100 | 1 |
_aMillares Carlo, Agustín, _d1893-1980 _981176 |
|
| 245 | 1 | 3 |
_aEl siglo XVIII español y los intentos de formación de un Corpus Diplomaticum / _cAgustín Millares Carlo. |
| 260 |
_aMadrid : _b[s.n.], _c1925 ( _fImp. Municipal) |
||
| 300 |
_a18 p. ; _c24 cm. |
||
| 595 | _aTirada aparte de: Revista de la Biblioteca, Archivo y Museo, año 2, n. 8 (oct. 1925) | ||
| 650 | 4 |
_aDiplomática- _zEspaña- _yS.XVIII. _9170817 |
|
| 650 | 4 |
_aHistoriografía- _zEspaña- _yS.XVIII. _913444 |
|
| 852 |
_aES-MaACL _j1691-F-11 |
||
| 999 |
_c104437 _d104437 |
||